00892nam a22002177a 450000500170000000800410001701500170005802000180007504100080009308200180010124501380011926001210025730000290037850400290040765000250043665000240046165000440048565000700052965000370059970000380063620150613020002.0120206s2009 ck a gr 000010 spa d ack-2009-xxxx a97895871931520 aspa04a597.92 bP69p00aPlan de manejo orientado al uso sostenible de la tortuga hicotea en Colombia / ctextos María Angenis Bonilla Gómez ... [et al.]. aBogotá : bMinisterio de Ambiente, Vivienda y Desarrollo Territorial; bUniversidad Nacional de Colombia; c2009. a76 p. : bil. ; c28 cm. aIncluye bibliografías. 4aTortugasz Colombia. 4aCría de tortugas. 4aTortugasx Distribución geográfica. 4aConservación de la vida silvestrex Investigacionesz Colombia. 4aTortugasx Hábitos y conducta.1 aBonilla Gómez, María Argenis.